000 00717cam a2200217 a 4500
001 000015763
005 20200929164138.0
008 020926s2002 ck 001 0dspa
020 _a9587040015
040 _aDO-SdBNP
_bspa
_cDLC
_dBNPHU
082 _a086.61
_bA634
245 0 0 _aAntología de grandes entrevistas colombianas /
_cselección y prólogo de Daniel Samper Pizano.
260 _aBogotá, Colombia :
_bAguilar,
_c2002.
300 _a470 p. ;
_c24 cm.
504 _aIncluye referencias bibliográficas.
650 4 _aEntrevistas
_zColombia
_935472
651 4 _aColombia
_xMicelaneas
_935473
700 1 _aSamper Pizano, Daniel.
_epról.
_935474
910 _aCatalogación por copia / LC
049 _aBNGR
999 _c15311
_d15311